Top 10 Most Asian American States - Statistics

General Stats
  • This quiz has been taken 96 times
  • The average score is 8 of 10
Answer Stats
Percentage State % Correct
14.9 California
100%
8.2 New York
96%
57.4 Hawaii
94%
9.0 Washington
93%
9.0 New Jersey
88%
7.1 Alaska
74%
6.0 Massachusetts
74%
9.0 Nevada
73%
6.4 Maryland
70%
6.5 Virginia
65%
No matching quizzes found
Score Distribution
Percent of People with Each Score
Percentile by Number Answered
Your Score History
You have not taken this quiz